000 00399nam a22001697a 4500
999 _c1134
_d1134
005 20210906120204.0
008 160519b xxu||||| |||| 00| 0 eng d
020 _a978-81-265-1554-7
041 _aeng
082 _b3321
100 _aLee J.P.
_9825
245 _aConcise inorganic Chemistry
260 _bWiley India
_c1964
300 _a1032
650 _aDIPLOMA ENGINEERING
_9817
942 _cBK